MDQL
is popping MORE tags! Check the
thread
!
Quizzes
Events
Quiz Creation
Community
Videos
Private Events
Remove Ads
Sign In
Join for FREE
Feedback
Dark Mode
Quiz Categories
Sports
Geography
Music
Movies
Television
Just For Fun
Miscellaneous
History
Literature
Language
Science
Gaming
Entertainment
Religion
Holiday
For Kids
Quiz Lab
Recent
Popular Today
Quiz Kudos Today
Editor Picks
Curator Picks
Quizzes by...
Day
Popularity
Type
Ratings
Length
Year
Community
Subscriptions
Recent Discussions
Orange Saloon
Badges
Playlists
Quests
Create
Leaderboards
Showdown
Live 5
Trivia Bingo
Activity
Puzzle Library
Sporcle Events
Private Events
Virtual Trivia
Globe League
Become a Host
Pub Owners
SporcleCon
Opinionation
Our Games
Videos
Blog
Mobile Apps
Partnerships
Remove Ads and Go Orange
Feedback
Miscellaneous
Crossword
General Knowledge
Baby Names
Logo
Food
Cars
Numbers
Grab Bag
University
College
Popular
Company
Slogans
Restaurants
Justice
Letter
Miscellaneous
Crossword
General Knowledge
Baby Names
Logo
Food
Cars
Numbers
Grab Bag
University
College
Popular
Company
Slogans
Restaurants
Justice
Letter
Random Quiz
Search Sporcle
×
Quiz Lab
Quiz Lab
Miscellaneous
General Knowledge
Type in answers that appear in a list
Type in answers that appear in a list
Classic
Best Score? Go Orange.
Julias' General Knowledge Stats
Julias General Knowledge
By
Teleperformance
8m
36 Questions
87 Plays
87 Plays
87 Plays
Comments
Comments
Give Quiz Kudos
Give Quiz Kudos
-
- Ratings
hide this ad
Replay
Link that replays current quiz
Next Quiz
Link to next quiz in quiz playlist
You Got
0%
They Got
Avg Score
41%
Avg Friend Score
Upgrade to see
Score Distribution
Jump to the score distribution portion of the page
Score
0/36
Timer
08:00
0
Plays Today
Question
Answer
% Correct
What element is pure diamond composed of?
Carbon
87.4%
Canberra is the capital of which country?
Australia
87.4%
Cardiopulmonary Resuscitation is abbreviated as what?
CPR
81.6%
Bay Watch is set in which city?
Los Angeles
78.2%
What colour is a Chinese bridal dress?
Red
77%
-
100+(-
100-
-
100) = ?
-100
74.7%
Memus and Dione are moons of which planet?
Saturn
72.4%
Where is Auschwitz located?
Poland
70.1%
Aer Lingus is a what?
Airlines
69%
How many fingers does a human have?
Eight
63.2%
US Capitol building is in which city?
Washington D.C
60.9%
A Deputy works for who?
The Sheriff
56.3%
What clothing brands logo is a Crocodile?
Lacoste
54%
Peoples Car is translated from?
Volkswagen
49.4%
Who is first informed after a sudden death?
Next of Kin
49.4%
Reckefeller Center can be found where?
New York City
44.8%
'Interpol' is abbreviated version of what?
International Police
44.8%
What is the name of Dennis the menace's dog?
Gnasher
39.1%
Question
Answer
% Correct
Which islands Animals are 90% unique?
Madagascar
39.1%
SSPCA battles what?
Animal Cruelty
37.9%
What is the worlds strongest grass?
Bamboo
28.7%
What movie is 'Hightower' from?
Police Academy
28.7%
What country has the smallest birth rate?
Vatican City
27.6%
What is a baby rabbit called?
Kit
23%
Which town was Leonardo De Vinci Born?
Vinci
20.7%
Who has won the most Oscars?
Walt Disney
17.2%
What does Scotland export to Saudi Arabia
Sand
17.2%
Peoples Palace can be found in which British city?
Glasgow
13.8%
Legally, French ice cream must contain what?
Eggs
13.8%
Which insect has the best eyesight?
Dragonfly
12.6%
Explosives can be found where in every car?
Air Bags
10.3%
Tramar Lacel Dillard is commonly known as who?
Flo Rida
8%
A 'Mortgage' translated to English is what?
Death Grip
8%
What is the most sold non-
religious book?
Guinness World Records
6.9%
'The Engaged Couples' are commonly known as what?
ABBA
5.7%
What do Ombrophobes fear?
Rain
4.6%
Quiz Playlist
Details
Report
Send in Message
Add To Playlist
Classic:
Type in answers that appear in a list
Last Updated: Feb 16, 2017
Quiz Scoreboard
CHALLENGE
Sign Up to Join the Scoreboard
Show All
Scores
Hide
Comments
May contain spoilers
Recently Published
Image Sorting: Flags VI
by Barbecue
Geography
2m
Find the 'City' Movie
by crazypaving
Movies
60s
Colored Red Africa Blitz
by spor1
Geography
45s
More to Explore
Quiz From the Vault
Featured Blog Post
14 Easter Pick-up Lines to Find Eggs With
hide this ad
You Might Also Like...
Tags
General Knowledge Quiz
useless
Today's Top Quizzes in Miscellaneous
Browse Miscellaneous
hide this ad
Today's Top Quizzes in General Knowledge
Browse General Knowledge
Top Contributed Quizzes in Miscellaneous
1
The JOE quick-fire general knowledge quiz: Day 174
2
5-to-1: Fast Food
3
9x9 Crossword: Disney Movie Titles
4
The JOE quick-fire general knowledge quiz: Day 173
5
9x9 Crossword: Charlie and the Chocolate Factory
6
9x9 Crossword: Actors
7
9x9 Crossword: 2022 Movies
8
9x9 Crossword: Flags
9
9x9 Crossword: The Simpsons
10
9x9 Crossword: Pixar Movie Titles
Explore More
Trending Topics
NBA
Kpop
Crossword
Anime
Marvel
Harry Potter
Disney
WWE
Pokémon
The Office
Soccer
Song
NFL
Puzzle
Country
hide this ad
More By:
Teleperformance
Quiz
Plays
Rating
Category
Featured
Created
Julias' General Knowledge
87
3.67
Miscellaneous
Apr 3, 2014
Go to Creator's Profile
Score Distribution
Quiz Creator Spotlight
Teleperformance
Follow
Send a Message
Quizzes Created
-
Created Quiz Play Count
-
More By This Creator
Popular Quizzes Today
1
Colored Red Africa Blitz
2
Find the US States - No Outlines Minefield
3
Find the 'City' Movie
4
5x2 Blitz: Bands
5
The Countries of the World
6
Find the US States
7
Find the Countries of Europe - No Outlines Minefield
8
US States
More Miscellaneous Quizzes
Multinational Companies by Headquarters
Quiz Lab
Trending Quizzes
Colored Red Europe Blitz I
Colored Red Europe Blitz II
Colored Red Africa Blitz II
Colored Red Europe Blitz III
Colored Red Africa Blitz III
Recently Updated
How Do You Spell That?
pecheneg
Godzilla Movies
pecheneg
Grab Bag: 4-10 Letters
pecheneg
2024 March Madness Bracket
pecheneg
Famous TV Couples
Peacemaker
Champions League XIs: Real Madrid
pecheneg
Largest US Cities 1790-2010
pecheneg
Rides in Walt Disney World
pecheneg
Most Oscar Losses (Acting)
pecheneg
Beyoncé Albums
pecheneg
Trending Topics
Crossword
Anime
Disney
Kpop
Harry Potter
NBA
Marvel
Song
NFL
Puzzle
The Office
Country
WWE
Soccer
Pokémon
Your Account Isn't Verified!
In order to create a playlist on Sporcle, you need to verify the email address you used during registration. Go to your
Sporcle Settings
to finish the process.
Report this User
Report this user for behavior that violates our
Community Guidelines
.
Details:
Send Report
Go to the Sporcle.com Mobile Site →
Comments